| 000 | 01084nam0a22002891 4500 | ||
|---|---|---|---|
| 001 | rc\3473911 | ||
| 005 | 20250610021551.0 | ||
| 021 |
_aRU _b[74-55625] |
||
| 035 | _a(NLR Aleph) 007641395 | ||
| 090 |
_a6129718 _c6129718 |
||
| 100 | _a20130115d1974 |||y0rusy50 ca | ||
| 101 | 0 | _arus | |
| 102 | _aRU | ||
| 105 | _aa z ||||| | ||
| 200 | 1 |
_aИнформационные процессы в живых организмах _e[Учеб. пособие для биол. специальностей ун-тов] |
|
| 210 |
_aМосква _cВысш. школа _d1974 |
||
| 215 |
_a320 с. _cчерт. _d22 |
||
| 320 | _aСписок лит.: с. 317 | ||
| 606 |
_aБиологические системы _2psbo |
||
| 606 |
_aИнформации теория _xПрименение в биологии _2psbo |
||
| 700 | 1 |
_aНапалков _bА.В. _f1922- _gАнатолий Викторович |
|
| 701 | 1 |
_aЦелкова _bН.В. _gНина Васильевна |
|
| 801 | 0 |
_aRU _bNLR _gpsbo |
|
| 801 | 1 |
_aRU _bELAR _2rusmarc |
|
| 852 |
_aNLR _j74-5/1531 |
||
| 942 | _cBOOK | ||
| 980 | _aNB | ||